Responses for Show #6377 - Tuesday, May 15, 2012

2012 Power Players Week game 2.
From DAR Constitution Hall in Washington, D.C.

Contestants

[<< previous game]

David Faber, an anchor and reporter from CNBC's Squawk on the Street and The Faber Report

Dana Perino, a TV host from Fox News Channel's The Five

Kareem Abdul-Jabbar, a Basketball Hall of Famer and all-time leading scorer from the NBA

[next game >>]

Jeopardy! Round responses

LAKERS
THEIR MAIN MUSICAL INSTRUMENT
SQUAWK ON THE STREET
FINE FOOD
THE FIVE
THE NEW YORK TIMES 21st CENTURY HEADLINES
    $200 1
Lake Placid

David
    $200 6
the piano

Kareem
    $200 13
an owl

Kareem
    $200 8
(Kareem: What is X?)
(Alex: No.)
[Loud laughter from audience]
(Alex: You went in the wrong direction! We were looking for a [*] rating, not an X rating. Remember, Kareem, this is a family show.)

G

Kareem
Triple Stumper
    $200 19
(Kareem: What is the California gubernatorial race?)
(Alex: I need you to be a little more specific.)
(Kareem: What--what is the California gubernatorial election?)

a recall

Kareem
Triple Stumper
    $400 2
Lake Tahoe

Kareem
    $400 7
the saxophone

Dana
    $400 14
parrots

David
    $400 9
ballet

Dana
    $400 20
[The end-of-round signal sounds.]

satellite radio

David
    $600 3
Lake Superior

Kareem
    $600 15
(Dana: What is the violin?)
(Alex: Oh, no.)

the cello

KareemDana
    $600 18
(Kareem: What is a loon?)
...
(Alex: Less than a minute, now.)

a whooping (crane)

KareemDana
    $600 10
9 to 5

Dana
    $800 4
(Kareem: What is, uh, Lake Aswan?)

Lake Nasser

Kareem
Triple Stumper
    $800 16
the clarinet

David
    $800 11
(Alex: Gotta go for the obvious. The existence of [*].)

God

Triple Stumper
    $1000 5
Lake Geneva

Kareem
    $1000 17
the guitar

David
    $1000 12
the Civil War

Dana

Scores at the first commercial break (after clue 14):

Kareem Dana David
$1,400 $2,400 $600

Scores at the end of the Jeopardy! Round:

Kareem Dana David
$1,200 $2,400 $2,800

Double Jeopardy! Round responses

GREAT AMERICAN WOMEN
(Alex: I'll be giving you folks a line from a film, you...)
NAME THE MOVIE
BESTSELLERS
OTHER POWER PLAYERS
SCIENCE
TRANSLATE, PLEASE
    $400 10
Jacqueline Kennedy Onassis

Kareem
    $400 1
Citizen Kane

David
    $400 8
Tom Clancy

Triple Stumper
    $400 4
[Alex reads "C.O.O." as "chief operating officer".]

Facebook

David
    $400 26
the Sun

Kareem
    $400 17
good morning

Dana
    $800 11
(Alex: Wouldn't you have liked to take a ride with Sally?)

Sally Ride

Triple Stumper
    $800 2
Streetcar Named Desire

David
    $800 9
(David: Uh, let's forget about that category and go to GREAT AMERICAN WOMEN for $400.)

Jurassic Park

Triple Stumper
    $800 5
Kate Middleton

Triple Stumper
    $800 27
Dr. Geiger

Kareem
    $800 19
a view

Kareem
    $1200 12
(Alex: You know it, you just can't say--[*].)

Dorothy Parker

Triple Stumper
    $1200 3
Casablanca

Dana
    $2,000 23
(Kareem: Oh, um...)
(Alex: It's not coming, is it?)

Angels and Demons

Kareem
    $1200 15
the Gates Foundation

David
    $1200 28
[The end-of-round signal sounds.]

blood

Kareem
    $1200 20
beer

Dana
    $1600 13
[David left off the "S" in "Scott" originally, then corrected himself after Alex gave the "correct" ruling.]

Coretta Scott King

David
    $1600 6
(Dana: What is The Exorcist?)

The Sixth Sense

DanaDavid
    $1600 24
Unbroken

David
    $1600 16
Oprah Winfrey

Dana
    $1600 21
a whale

Kareem
    $2000 14
Elizabeth Dole

Dana
    $2000 7
(Dana: ...Sorry.)

E.T.

DanaDavid
    $2000 25
Gore Vidal

David
    $2000 18
Anna Wintour

David
    $2000 22
(Kareem: What is Yom Kippur?)
(Alex: No.)
(Kareem: Oh!)
(Dana: What is a year?)
(Alex: No.)
[Kareem's light comes on again.]
(Alex: Not you again, Kareem! David.)
(David: Good. What is good?)

day

KareemDanaDavid
Triple Stumper

Scores at the end of the Double Jeopardy! Round:

Kareem Dana David
$2,400 $3,200 $14,400
(lock game)

[wagering suggestions for these scores]

Final Jeopardy! Round responses

MUSEUMS
KareemWhat is the Guggenheim Museum
$2,400
DanaWhat is... ?
$3,200
DavidWhat is the Guggenheim
$7,000
the Guggenheim Museum

Final scores:

Kareem Dana David
$4,800 $0 $21,400
2nd place: $10,000 to the Skyhook Foundation 3rd place: $10,000 to Pets2Vets (P2V) Winner: $50,000 to New Visions for Public Schools

Game dynamics:

Coryat scores:

Kareem Dana David
$4,400 $3,200 $14,400
12 R,
6 W
(including 1 DD)
10 R,
4 W
15 R,
1 W

Combined Coryat: $22,000

[game clues] [game scores] [suggest correction]

Game tape date: 2012-04-21
The J! Archive is created by fans, for fans. Scraping, republication, monetization, and malicious use prohibited; this site may use cookies and collect identifying information. See terms. The Jeopardy! game show and all elements thereof, including but not limited to copyright and trademark thereto, are the property of Jeopardy Productions, Inc. and are protected under law. This website is not affiliated with, sponsored by, or operated by Jeopardy Productions, Inc. Join the discussion at JBoard.tv.